000 00466nam a2200181Ia 4500
001 25240
005 20260414151136.0
008 260414t2007||||xx |||||||||||||| ||spa||
041 _aESP
082 _a346.41
_bD75 V. 1
100 _aDiez-Picazo, Luis
_eAUT
245 0 _aFundamentos del derecho civil patrimonial :
_bintroducción teoría del contrato
260 _c2007
300 _a
_c25 cm.
650 _aDER
654 _aCDE
942 _cLIB
_dJUS
_fJUS
_2ddc
_n
999 _c25240
_d25240